| 000 | 00506nam a22001697a 4500 | ||
|---|---|---|---|
| 008 | 230515b |||||||| |||| 00| 0 eng d | ||
| 020 | _a978-0-521-87812-8 | ||
| 040 |
_aNational Science Library _cNational Science Library |
||
| 080 |
_a551.4.06 _bP9 |
||
| 245 | _aGeomorphology and global environmental change | ||
| 260 |
_aCambridge: _bCambridge University Press, _c2009 |
||
| 300 | _axv, 434p. | ||
| 650 | _aGeography | ||
| 653 | _aEnvironment | ||
| 700 | _aSlaymaker, Olav (Ed.) | ||
| 942 |
_2udc _cBK |
||
| 999 |
_c29871 _d29871 |
||